Países "cortados" pela Linha do Equador - Statistics

Estatísticas Gerais
  • Esse quiz foi jogado 168 vezes
  • A pontuação média é 9 de 13
Estatísticas das Respostas
Resposta % Correto
Equador
96%
Brasil
95%
Colombia
94%
República Democrática do Congo
86%
República do Congo
86%
Indonésia
81%
Quênia
70%
Gabão
61%
Somália
61%
Uganda
60%
Kiribati
55%
Ilhas Maldivas
38%
São Tomé e Príncipe
24%
Nenhum quiz correspondente encontrado
Distribuição das Pontuações
Porcentagem de Pessoas com Cada Pontuação
Percentil de Números Respondidos
Sua Pontuação Histórica
Você não jogou esse quiz